000 00265nam a2200109Ia 4500
008 220204s9999 xx 000 0 und d
082 _a061 H
_bCAR
100 _aCarmel, James H
245 0 _aExhibition techniques
260 _aNew York
_bReinhold
_c1963
942 _cBK
999 _c20433
_d20433